Ateroskleróza - tichý nepriateľ civilizovaného sveta

Bibliographic Details
Main Author: Martinický, Dávid (Author)
Format: Article
Language:Slovak
PhysicalDescription:Fotogr.
ISSN:1335-4477
Subjects:

MARC

LEADER 00000nab a2200000 a 4500
001 vtls001494740
003 SK-MaSNL
005 20260303073304.0
008 140303c2004 xo wrzp 0 0slo
015 |a SNBRB2005/02  |2 snkbucl 
040 |a SNKBUCL  |b slo  |c SNKBUCL  |e AACR2 
041 0 |a slo 
044 |a xo  |c SK 
080 |a 616.13-004.6-085  |2 1997 
080 |a 615.272  |2 1997 
100 1 |a Martinický, Dávid  |4 aut  |9 871343 
245 1 0 |a Ateroskleróza - tichý nepriateľ civilizovaného sveta  |c Dávid Martinický 
300 |b Fotogr. 
650 0 7 |a ateroskleróza  |2 snkbucl  |9 2428 
650 0 7 |a Tulip (liek)  |2 snkbucl  |9 1074617 
650 0 7 |a atorvastatín  |2 snkbucl  |9 539861 
773 0 |t Zdravotnícke noviny  |g Roč. IX, č. 41 (2004)  |x 1335-4477 
773 0 8 |t Lekárske listy  |g Č. 41 (2004), s. 18-20 
852 |a SNK  |b KIS3GCP 
958 |a MI 
999 |c 1767274  |d 1769204